Missing Word: Movies Released in July Quiz Stats

 Plays Quiz Updated Jul 10, 2019

Score 0/18 Timer 03:00
1 Play Today
Movie Missing Word % Correct
Saving Private _____Ryan
97.9%
_____ GumpForrest
97.8%
War for the _____ of the ApesPlanet
96.9%
What _____ BeneathLies
95.6%
_____ Age: Continental DriftIce
95.2%
The Blair Witch _____Project
95%
_____ Transylvania 3: Summer VacationHotel
88.7%
Pacific _____Rim
85.2%
Anchorman: The ______ of Ron BurgundyLegend
84.2%
Movie Missing Word % Correct
The Manchurian ______Candidate
83.9%
Star _____ BeyondTrek
83.8%
The Dark _____Knight
83.4%
Crazy, _____, Love.Stupid
83.2%
I Now Pronounce You ______ & LarryChuck
77.8%
Presumed _____Innocent
77.7%
_____ DayIndependence
75.3%
Road to ______Perdition
72.1%
Mission: Impossible - _____ NationRogue
61.3%

Today's Daily Dose

You're not logged in!

Compare scores with friends on all Sporcle quizzes.
OR
Log In

Sporcle TV

Today on Sporcle TV


Watch our educational content, quiz creation guides, and fun videos on Sporcle TV.

Show Comments

Extras

Top Quizzes Today


Score Distribution

Your Account Isn't Verified!

In order to create a playlist on Sporcle, you need to verify the email address you used during registration. Go to your Sporcle Settings to finish the process.

Report this User

Report this user for behavior that violates our Community Guidelines.

Details: